| 000 | nam a22 7a 4500 | ||
|---|---|---|---|
| 999 |
_c127194 _d127194 |
||
| 008 | 171108b xxu||||| |||| 00| 0 eng d | ||
| 050 | _aJC143.M3946 S38 2016 | ||
| 100 |
_aScott, John T. _937441 |
||
| 245 |
_aThe routledge guidebook to Machiavelli's the prince _c/ JohnT. Scott |
||
| 260 |
_aAbingdon, Oxon _bRoutledge _c2016 |
||
| 300 |
_axx, 269p. ; _c20cm. |
||
| 440 |
_aThe Routledge guides to the great books _937442 |
||
| 600 |
_aMachiavelli, Niccoloa _d1469-1527 _xPrinciple _937443 |
||
| 942 |
_2lcc _cMONOGRAPH |
||